000 02940nam a2200457 a 4500
001 ebr10695225
003 CaPaEBR
006 m u
007 cr cn|||||||||
008 100928s2010 enka sb 100 0 eng d
010 _z 2010041655
020 _z9781842173992 (pbk.)
020 _z9781842178423 (e-book)
040 _aCaPaEBR
_cCaPaEBR
035 _a(OCoLC)846945605
043 _ae------
_ae-uk-en
050 1 4 _aCC81.5
_b.E965 2010eb
082 0 4 _a930.1
_222
245 0 0 _aExperimentation and interpretation
_h[electronic resource] :
_bthe use of experimental archaeology in the study of the past /
_cedited by Dana C.E. Millson.
260 _aOxford ;
_aOakville, Conn. :
_bOxbow Books,
_cc2010.
300 _a142 p. :
_bill.
500 _aPapers from a session held at the annual Theoretical Archaeological Group (TAG) Conference in Southampton, England, Dec. 2008.
504 _aIncludes bibliographical references.
505 0 _aIntroduction / Dana C.E. Millson -- Cache or carry : food storage in prehistoric Europe / Penny Cunningham -- Creating a history of experimental archaeology / Jodi Reeves Flores -- Breaking the sound barrier : new directions for complexity, transformation, and reconstructive practice in experimental Neolithic archaeoacousitics / Claire Marshall -- Experimental archaeology after simplicity : implications for reflexivity of insights that a "common world" is not a "given" / Stephanie Koerner -- Experiment or demonstration? : making fermentable malt sugars from the grain and a discussion of some of the evidence for this activity in the British Neolithic / Merryn Dineley -- Experiments in beaker construction technologies / Harriet Hammersmith -- Luminescence dating of medieval brick from Essex : an example of the physical sciences addressing archaeological questions / Thomas Gurling.
533 _aElectronic reproduction.
_bPalo Alto, Calif. :
_cebrary,
_d2013.
_nAvailable via World Wide Web.
_nAccess may be limited to ebrary affiliated libraries.
650 0 _aExperimental archaeology
_zEurope
_vCongresses.
650 0 _aExperimental archaeology
_zEngland
_vCongresses.
650 0 _aExcavations (Archaeology)
_zEurope
_vCongresses.
650 0 _aExcavations (Archaeology)
_zEngland
_vCongresses.
650 0 _aMaterial culture
_zEurope
_xHistory
_vCongresses.
650 0 _aMaterial culture
_zEngland
_xHistory
_vCongresses.
650 0 _aArchaeology
_xMethodology
_vCongresses.
650 0 _aArchaeology
_xPhilosophy
_vCongresses.
651 0 _aEurope
_xAntiquities
_vCongresses.
651 0 _aEngland
_xAntiquities
_vCongresses.
655 7 _aElectronic books.
_2local
700 1 _aMillson, Dana C. E.
710 2 _aTheoretical Archaeology Group (England).
_bConference
_d(2008 :
_cSouthampton, England)
710 2 _aebrary, Inc.
856 4 0 _uhttp://site.ebrary.com/lib/rucke/Doc?id=10695225
_zAn electronic book accessible through the World Wide Web; click to view
999 _c9034
_d9034